Statistics for Ultimate One Tree Hill Quiz

Click here to take the quiz!

General Stats

  • This quiz has been taken 1,629 times
  • The average score is 7 of 15

Answer Stats

HintAnswer% Correct
What age does Nathan and Haley get married at16
85%
What season do the teens graduate4
84%
Which character is told she cannot have kidsBrooke Davis
74%
What is Jamie's pet rabbits nameChester
72%
Who sings the theme songGavin DeGraw
60%
What is Haley and Nathan's kid(s) nameJamie and Lydia
55%
Where does Peyton move after highschoolLos Angeles
52%
What is Lucas Middle NameEugene
49%
Who does skills end up with in the series finaleBevin
43%
Who shoots Clay and Quinn at the beginning of season 8Katie
35%
Who does Haley slap while she is pregnantRachel Gatina
33%
What is Julians mother namedSylvia
19%
Who spends Alot of time at Mouth's placeJunk and Fergie
16%
What kind of medical condition does Peyton have in season 6Placenta previa
9%
What is Peyton's adopted parents namedAnna and Larry Sawyer
4%

Score Distribution

Percentile by Number Answered

Percent of People with Each Score

Your Score History

You have not taken this quiz